| 000 | 00907nam a2200265 u 4500 | ||
|---|---|---|---|
| 001 | 000062144 | ||
| 005 | 20200120224204.0 | ||
| 008 | 140716s2005 ck gr| 000 0 spa d | ||
| 041 | 0 | _aNspa | |
| 043 | _ac-k---- | ||
| 082 | 0 | 4 |
_a791.43 _bW34 _221 |
| 245 | 1 | 0 |
_aWhisky / _cdirección Pablo Stoll, Juan Pablo Rebella; guión Gonzalo Delgado...[et al] _h[película] |
| 260 |
_aBogotá : _bMinisterio de Cultura, _c[2005]. |
||
| 300 |
_a1 dvd (100min.) : _bson., col. ; _e14 cm. |
||
| 490 | 0 |
_aPlan audivisual nacional _v68 |
|
| 586 | _aAriel 2005, mejor película Iberoamericana | ||
| 650 | 1 | 7 |
_aRelaciones de familia _xCine _2LEMB |
| 650 | 2 | 7 |
_aRelaciones de pareja _xCine _2LEMB |
| 650 | 2 | 7 |
_aAmor en el cine _2LEMB |
| 650 | 2 | 7 |
_aTrabajo y trabajadores _xCine _2LEMB |
| 650 | 2 | 7 | _2LEMB |
| 700 | 1 |
_aStoll, Pablo _edirector |
|
| 700 | 1 |
_aRebella, Juan Pablo _edirector |
|
| 700 | 1 |
_aDelgado, Gonzalo _eguionista |
|
| 999 |
_c8402 _d8402 |
||